000
00281nam a22001217a 4500
008
180924b xxu||||| |||| 00| 0 eng d
041
_a
eng
080
_2
4 ED
_a
616.053
100
_a
8
101
_a
PED
245
_a
Child With Chronic Condition
_c
Judith.A.V
942
_2
udc
_c
BK
999
_c
48337
_d
48337